Gran diccionario: sinónimos, antónimos e ideas afines

Gespeichert in:
Bibliographische Detailangaben
1. Verfasser: Morrison, Tirso R. M. (autor)
Format: Buch
Sprache:Spanisch
Veröffentlicht: Santiago Bibliográfica Internacional 2009
Ausgabe:17a. ed
Schlagworte:
Tags: Tag hinzufügen
Keine Tags, Fügen Sie den ersten Tag hinzu!

MARC

LEADER 00000nam a2200000 a 4500
001 UCG3560
003 CL-VaPUC
008 100902e20090900cl |||||||||||||||||spa|d
020 |a 9789563120363 
082 0 4 |a 413.1  |b MOR  |2 21 
100 |a Morrison, Tirso R. M.  |e autor  |9 541595 
245 1 0 |a Gran diccionario: sinónimos, antónimos e ideas afines 
250 |a 17a. ed 
300 |a 563 p 
942 |c BK 
945 |d 20100902 00:00:00  |a mfarfan 
260 |a Santiago  |b Bibliográfica Internacional  |c 2009 
650 0 |a Diccionarios  |9 256200 
650 0 |a Sinónimos y antónimos   |9 255373 
650 0 |a Español  |9 255372 
583 |a last modification  |c 20171005 11:09:05  |k Rodrigo Vera 
999 |c 342614  |d 342612 
952 |0 0  |1 0  |4 0  |6 413_100000000000000_MOR_2009  |7 0  |8 X  |9 438989  |a BIBEDU  |b BIBEDU  |d 2019-11-22  |i 4716892  |o 413.1 MOR 2009  |p 4716892  |r 2023-01-13  |w 2019-11-22  |y BK_X  |k CIT